Statistiques concernant Personnages Harry Potter

Cliquez ici pour prendre le quiz!

Statistiques générales

  • Ce quiz a été pris 335 fois
  • Le résultat moyen est 96 sur 200

Statistiques - réponses

Nombre de mentions% Correct
18 956Harry Potter
99%
5 486Hermione Granger
97%
6 464Ron Weasley
97%
771Ginny Weasley
93%
2 421Albus Dumbledore
91%
920Fred Weasley
91%
821George Weasley
91%
302Bill Weasley
90%
780Arthur Weasley
89%
110Charlie Weasley
89%
190James Potter
89%
14James Sirius Potter
89%
127Lily Potter
89%
722Molly Weasley
89%
426Percy Weasley
89%
2 024Rubeus Hagrid
89%
1 956Severus Rogue
89%
770Minerva McGonagall
88%
1 471Sirius Black
87%
864Remus Lupin
86%
1 797Voldemort
86%
810Neville Londubat
85%
249Lucius Malefoy
84%
356Luna Lovegood
83%
89Narcissa Malefoy
83%
220Bellatrix Lestrange
82%
1 198Draco Malefoy
82%
79Abelforth Dumbledore
81%
637Dolores Ombrage
79%
242Nymphadora Tonks
79%
583Alastor Maugrey
77%
50Ariana Dumbledore
77%
258Fleur Delacour
77%
469Dobby
76%
54Regulus Black
76%
124Xenophilius Lovegood
76%
204Hedwige
75%
467Dudley Dursley
74%
22Kendra Dumbledore
74%
89Phineas Black
74%
215Cho Chang
73%
140Filius Flitwick
73%
314Pétunia Dursley
73%
39Ted Tonks
73%
530Vernon Dursley
73%
277Viktor Krum
73%
27Albus Severus Potter
72%
15Mrs Black
72%
90Pomona Chourave
72%
12Augusta Londubat
71%
353Cédric Diggory
71%
493Cornelius Fudge
71%
122Quirinus Quirrell
71%
212Dean Thomas
69%
15Gabrielle Delacour
69%
262Gilderoy Lockhart
69%
224Vincent Crabbe
69%
76Amos Diggory
68%
228Grégory Goyle
68%
312Kreattur
68%
28Rowena Serdaigle
68%
63Godric Gryffondor
67%
73Marge Dursley
67%
162Pattenrond
67%
179Seamus Finnigan
67%
288Argus Rusard
66%
36Barty Croupton Jr.
66%
116Katie Bell
66%
70Salazar Serpentard
66%
14Helga Poufsouffle
65%
141Lavande Brown
65%
23Padma Patil
65%
133Parvati Patil
65%
295Bartemius Sr Croupton
63%
156Poppy Pomfresh
63%
136Buck
62%
165Igor Karkaroff
62%
432Horace Slughorn
60%
112Olympe Maxime
60%
68Pansy Parkinson
59%
53Renée Bibine
59%
135Angelina Johnson
58%
123Nick Quasi-Sans-Tête
58%
208Olivier Dubois
58%
262Sybille Trelawney
58%
72La Grosse Dame
57%
18Tom Jedusor Sr.
56%
16Alecto Carrow
54%
23Amycus Carrow
54%
77Colin Crivey
54%
75Firenze
54%
109Lee Jordan
53%
17Dennis Crivey
52%
68Elvis Gaunt
52%
102Fenrir Greyback
52%
147Mondingus Fletcher
52%
30Nagini
52%
164Peeves
52%
117Garrick Ollivander
51%
162Winky
51%
24Baron Sanglant
50%
77Bathilda Tourdesac
50%
32Merope Gaunt
50%
63Morfin Gaunt
50%
105Crockdur
48%
26Hannah Abbot
48%
119Mimi Geignarde
48%
49Aragog
47%
47Blaise Zabini
47%
188Rita Skeeter
47%
75Graup
46%
48Cuthbert Binns
45%
26Errol
45%
153Rufus Scrimgeour
45%
34Antonin Dolohov
44%
27Touffu
44%
73Cormac McLaggen
43%
19Irma Pince
42%
140Gripsec
41%
59Miss Teigne
41%
55Arabella Figg
40%
92Ernie Macmillan
40%
64Fumseck
40%
73Gellert Grindelwald
40%
60Coquecigrue
39%
106Kingsley Shacklebolt
38%
36Norbert
38%
58Alicia Spinnet
37%
35Amelia Bones
35%
62Elphias Doge
35%
40Marcus Flint
35%
27Hepzibah Smith
34%
246Ludo Verpey
34%
57Wilhelmina Gobe-Planche
34%
48Zacharias Smith
34%
486Peter Pettigrew
33%
85Stan Rocade
32%
24Tom
32%
30Bane
31%
31Nicolas Flamel
28%
18Romilda Vane
28%
56Corban Yaxley
26%
26Michael Corner
26%
51Mr Barjow
26%
17Millicent Bulstrode
25%
13Caractacus Beurk
24%
18Trevor
24%
27Dedalus Diggle
23%
49Madame Rosmerta
23%
16Mafalda Hopkrik
23%
31Mary Cattermole
23%
23Reg Cattermole
23%
19Hokey
22%
49Mykew Gregorovitch
22%
14Terry Boot
22%
21Armando Dippet
21%
16Hestia Jones
21%
42Bertha Jorkins
19%
27Walden Macnair
19%
25Madame Guipure
18%
48Marietta Edgecombe
18%
19Albert Runcorn
17%
25Augustus Rookwood
16%
50Justin Finch-Fletchley
16%
18Magorian
16%
20Pius Thicknesse
16%
30Roger Davies
16%
63Frank Bryce
13%
13Avery
11%
68Bob Ogden
11%
15Bogrod
11%
23Chevalier du Catogan
11%
14Marcus Belby
11%
23Ronan
11%
17Beedle le Barde
10%
19John Dawlish
10%
33Montague
10%
23Sturgis Podmore
10%
16Demelza Robins
9%
13Adrian Pucey
8%
16Piers Polkiss
8%
41Travers
8%
26Broderick Moroz
7%
23Dirk Cresswell
7%
13Jimmy Peakes
7%
18Griselda Marchebank
6%
17Scabior
6%
56Tante Muriel
5%
20Leanne
4%
22Cassius Warrington
3%
16Aidan Lynch
2%
21Mrs Cole
2%
12Troy
2%
13Wilkie Tycross
2%
13Karkus
1%
16Morane
1%
20Mr Roberts
1%
34Ernie Prang
0%
13Hassan Mostafa
0%
13Tofty
0%

Distribution des résultats

Percentile par nombre de réponses

% des personnes avec chaque résultat

Votre développement - résultats

Vous n’avez pas pris ce quiz